000 00347nam a22001577a 4500
020 _a978-0-00725140-7
082 _a823
_bSTI/G
100 _aSTINE, R.L
245 _aNIGHT MARE
_bSHORT STORY
246 _aNIGHT MARE
_bSHORT STORY
260 _aUSA
_bAVON
_c2001
300 _a131
520 _aSHORT STORY
650 _aSHORT STORY
942 _cBK
999 _c1730
_d1730